<?xml version="1.0" encoding="UTF-8"?>
<record
    xmlns:xsi="http://www.w3.org/2001/XMLSchema-instance"
    xsi:schemaLocation="http://www.loc.gov/MARC21/slim http://www.loc.gov/standards/marcxml/schema/MARC21slim.xsd"
    xmlns="http://www.loc.gov/MARC21/slim">

  <leader>00609nam a2200217 a 4500</leader>
  <datafield tag="999" ind1=" " ind2=" ">
    <subfield code="c">1048</subfield>
    <subfield code="d">1048</subfield>
  </datafield>
  <controlfield tag="003">PK-NaQUE</controlfield>
  <controlfield tag="005">20250901094943.0</controlfield>
  <controlfield tag="008">250122b           ||||| |||| 00| 0 eng d</controlfield>
  <datafield tag="020" ind1=" " ind2=" ">
    <subfield code="a">8121921910 (paperback)</subfield>
  </datafield>
  <datafield tag="020" ind1=" " ind2=" ">
    <subfield code="a">9788121921916 (paperback)</subfield>
  </datafield>
  <datafield tag="040" ind1=" " ind2=" ">
    <subfield code="c">QUEST</subfield>
  </datafield>
  <datafield tag="082" ind1=" " ind2=" ">
    <subfield code="a">621.31042MEH</subfield>
  </datafield>
  <datafield tag="100" ind1="1" ind2=" ">
    <subfield code="a">Mehta, V. K.</subfield>
  </datafield>
  <datafield tag="245" ind1="1" ind2="0">
    <subfield code="a">Principles of Electrical Machines </subfield>
  </datafield>
  <datafield tag="260" ind1=" " ind2=" ">
    <subfield code="a">New Delhi</subfield>
    <subfield code="b">S Chand &amp; Co Ltd,</subfield>
    <subfield code="c">2002</subfield>
  </datafield>
  <datafield tag="300" ind1=" " ind2=" ">
    <subfield code="a">viii,509p.</subfield>
  </datafield>
  <datafield tag="650" ind1=" " ind2=" ">
    <subfield code="a">Electric machinery</subfield>
  </datafield>
  <datafield tag="700" ind1="1" ind2=" ">
    <subfield code="a">Mehta, Rohit.</subfield>
  </datafield>
  <datafield tag="856" ind1="4" ind2="0">
    <subfield code="u">http://10.10.170.122:8080/browse/book/784</subfield>
    <subfield code="y">Download eBook</subfield>
  </datafield>
  <datafield tag="942" ind1=" " ind2=" ">
    <subfield code="c">BK</subfield>
    <subfield code="2">ddc</subfield>
  </datafield>
  <datafield tag="952" ind1=" " ind2=" ">
    <subfield code="0">0</subfield>
    <subfield code="1">0</subfield>
    <subfield code="4">0</subfield>
    <subfield code="7">0</subfield>
    <subfield code="a">QUESTCL</subfield>
    <subfield code="b">QUESTCL</subfield>
    <subfield code="d">2014-04-29</subfield>
    <subfield code="g">284.00</subfield>
    <subfield code="l">0</subfield>
    <subfield code="o">621.31042MEH</subfield>
    <subfield code="p">31308</subfield>
    <subfield code="r">2014-04-29 00:00:00</subfield>
    <subfield code="w">2014-04-29</subfield>
    <subfield code="y">BK</subfield>
  </datafield>
  <datafield tag="952" ind1=" " ind2=" ">
    <subfield code="0">0</subfield>
    <subfield code="1">0</subfield>
    <subfield code="4">0</subfield>
    <subfield code="7">0</subfield>
    <subfield code="a">QUESTCL</subfield>
    <subfield code="b">QUESTCL</subfield>
    <subfield code="d">2014-04-29</subfield>
    <subfield code="g">284.00</subfield>
    <subfield code="l">0</subfield>
    <subfield code="o">621.31042MEH</subfield>
    <subfield code="p">31309</subfield>
    <subfield code="r">2014-04-29 00:00:00</subfield>
    <subfield code="w">2014-04-29</subfield>
    <subfield code="y">BK</subfield>
  </datafield>
  <datafield tag="952" ind1=" " ind2=" ">
    <subfield code="0">0</subfield>
    <subfield code="1">0</subfield>
    <subfield code="4">0</subfield>
    <subfield code="7">0</subfield>
    <subfield code="8">REF</subfield>
    <subfield code="a">REF</subfield>
    <subfield code="b">REF</subfield>
    <subfield code="d">2014-04-29</subfield>
    <subfield code="g">284.00</subfield>
    <subfield code="l">1</subfield>
    <subfield code="o">621.31042MEH  (Shelf -46C)</subfield>
    <subfield code="p">31310</subfield>
    <subfield code="r">2014-12-08 00:00:00</subfield>
    <subfield code="s">2014-08-22</subfield>
    <subfield code="y">BK</subfield>
  </datafield>
  <datafield tag="952" ind1=" " ind2=" ">
    <subfield code="0">0</subfield>
    <subfield code="1">0</subfield>
    <subfield code="4">0</subfield>
    <subfield code="7">0</subfield>
    <subfield code="a">QUESTCL</subfield>
    <subfield code="b">QUESTCL</subfield>
    <subfield code="d">2014-04-29</subfield>
    <subfield code="g">284.00</subfield>
    <subfield code="l">4</subfield>
    <subfield code="o">621.31042MEH</subfield>
    <subfield code="p">31311</subfield>
    <subfield code="r">2021-09-07 00:00:00</subfield>
    <subfield code="s">2019-04-17</subfield>
    <subfield code="w">2014-04-29</subfield>
    <subfield code="y">BK</subfield>
  </datafield>
  <datafield tag="952" ind1=" " ind2=" ">
    <subfield code="0">0</subfield>
    <subfield code="1">0</subfield>
    <subfield code="4">0</subfield>
    <subfield code="7">0</subfield>
    <subfield code="a">QUESTCL</subfield>
    <subfield code="b">QUESTCL</subfield>
    <subfield code="d">2014-04-29</subfield>
    <subfield code="g">284.00</subfield>
    <subfield code="l">0</subfield>
    <subfield code="o">621.31042MEH</subfield>
    <subfield code="p">31312</subfield>
    <subfield code="r">2014-04-29 00:00:00</subfield>
    <subfield code="w">2014-04-29</subfield>
    <subfield code="y">BK</subfield>
  </datafield>
  <datafield tag="952" ind1=" " ind2=" ">
    <subfield code="0">0</subfield>
    <subfield code="1">0</subfield>
    <subfield code="4">0</subfield>
    <subfield code="7">0</subfield>
    <subfield code="a">QUESTCL</subfield>
    <subfield code="b">QUESTCL</subfield>
    <subfield code="d">2017-08-30</subfield>
    <subfield code="g">965.00</subfield>
    <subfield code="l">0</subfield>
    <subfield code="o">621.31042MEH</subfield>
    <subfield code="p">55893</subfield>
    <subfield code="r">2017-08-30 00:00:00</subfield>
    <subfield code="w">2017-08-30</subfield>
    <subfield code="y">BK</subfield>
  </datafield>
  <datafield tag="952" ind1=" " ind2=" ">
    <subfield code="0">0</subfield>
    <subfield code="1">0</subfield>
    <subfield code="4">0</subfield>
    <subfield code="7">0</subfield>
    <subfield code="a">QUESTCL</subfield>
    <subfield code="b">QUESTCL</subfield>
    <subfield code="d">2017-08-30</subfield>
    <subfield code="g">965.00</subfield>
    <subfield code="l">0</subfield>
    <subfield code="o">621.31042MEH</subfield>
    <subfield code="p">55894</subfield>
    <subfield code="r">2017-08-30 00:00:00</subfield>
    <subfield code="w">2017-08-30</subfield>
    <subfield code="y">BK</subfield>
  </datafield>
  <datafield tag="952" ind1=" " ind2=" ">
    <subfield code="0">0</subfield>
    <subfield code="1">0</subfield>
    <subfield code="4">0</subfield>
    <subfield code="7">0</subfield>
    <subfield code="a">QUESTCL</subfield>
    <subfield code="b">QUESTCL</subfield>
    <subfield code="d">2017-08-30</subfield>
    <subfield code="g">965.00</subfield>
    <subfield code="l">0</subfield>
    <subfield code="o">621.31042MEH</subfield>
    <subfield code="p">55895</subfield>
    <subfield code="r">2017-08-30 00:00:00</subfield>
    <subfield code="w">2017-08-30</subfield>
    <subfield code="y">BK</subfield>
  </datafield>
</record>
